00000000nam##2200000za#4500
0019.662803
003CaOODSP
00520210615120735
007ta
008150407|2001||||xxc|||||     f|0| 0 eng|d
020 |a0-662-65751-9
040 |aCaOODSP|beng
041 |aeng
041 |afre
043 |an-cn---
0861 |aSC62-5/2003
1102 |aPublic Service Commission of Canada.
24510|aDirectory of courses and services, April, 2001 - March 2003
260 |aOttawa - Ontario : |bPublic Service Commission |c2001.
300 |aEnglish text, xv, 168p. : |billus., tables ; |c28 cm.
546 |aBilingual
563 |aSoftcover
590 |a01-35|b2001-08-31
69007|aTraining|2gcpds
69007|aEducation|2gcpds
69007|aPublic service|2gcpds
7760#|tRépertoire de cours et services, avril 2001 - mars 2003 |w(CaOODSP)9.676672
792 |tRépertoire de cours et services, avril 2001 - mars 2003 |efre|w(CaOODSP)9.662804